Depeche Mode - Enjoy The silence lyrics - Statistics

General Stats
  • This quiz has been taken 385 times
  • The average score is 17 of 21
Answer Stats
Lyric Answer % Correct
Break the ___ Silence
99%
All I ___ needed Ever
98%
All I ever ___ Wanted
98%
Painful to ___ Me
96%
To ___ broken Be
95%
Oh my ___ girl Little
95%
__ here in my arms Is
93%
___ can only do harm They
93%
Words are ___ unnecessary Very
93%
Into my little ___ World
93%
Words like___ Violence
92%
Can't you ___ Understand
88%
Come ___ in Crashing
77%
Words are ___ Meaningless
72%
___ are intense Feelings
71%
and ___ Forgettable
71%
___ are spoken Vows
68%
So does the ___ Pain
67%
Pleasures ___ Remain
63%
Words are ___ Trivial
63%
___right through me Pierce
58%
No matching quizzes found
Score Distribution
Percent of People with Each Score
Percentile by Number Answered
Your Score History
You have not taken this quiz